[Event "Cacoal op"]
[Site "Cacoal"]
[Date "2024.08.24"]
[Round "4"]
[White "Azevedo, Victor Hugo Marques"]
[Black "Cardoso, Kaua"]
[Result "1-0"]
[WhiteElo "1770"]
[BlackElo "1781"]
[PlyCount "30"]
[EventDate "2024.08.23"]
[EventType "swiss"]
[EventRounds "6"]
[EventCountry "BRA"]
[SourceTitle "CBM 221 Extra"]
[Source "ChessBase"]
[SourceDate "2024.09.30"]
[SourceVersion "1"]
[SourceVersionDate "2024.09.30"]
[SourceQuality "1"]

1. e4 e5 2. Nf3 Nc6 3. Bc4 Nf6 4. Nc3 Bc5 5. d3 a6 6. Nd5 Ng4 7. 0-0 Nxf2 8. Qe2 Nxe4+ 9. Be3 Bxe3+ 10. Qxe3 Nf6 11. Nxf6+ Qxf6 12. Ng5 Qh6 13. Bxf7+ Ke7 14. Bd5 Qh4 15. Nf3 Ke8 1-0

[Event "Recife Cacoal op"]
[Site "Recife"]
[Date "2024.06.01"]
[Round "2"]
[White "Basso, Leticia De Souza"]
[Black "Cardoso, Kaua"]
[Result "1/2-1/2"]
[WhiteElo "1533"]
[BlackElo "1774"]
[PlyCount "47"]
[EventDate "2024.05.31"]
[EventType "swiss"]
[EventRounds "6"]
[EventCountry "BRA"]
[SourceTitle "CBM 220 Extra"]
[Source "ChessBase"]
[SourceDate "2024.07.31"]
[SourceVersion "1"]
[SourceVersionDate "2024.07.31"]
[SourceQuality "1"]

1. e4 e5 2. Nf3 Nc6 3. Bc4 Nf6 4. Nc3 g6 5. d4 exd4 6. Nxd4 Bg7 7. Be3 d6 8. 0-0 Ng4 9. Nxc6 bxc6 10. Bd4 Ne5 11. b3 0-0 12. Be2 d5 13. exd5 cxd5 14. Bc5 Re8 15. Nxd5 Bb7 16. Ne7+ Kh8 17. Rb1 Qxd1 18. Rfxd1 Bf8 19. Bd4 Rxe7 20. f4 Bg7 21. fxe5 Bxe5 22. Bc4 Bxd4+ 23. Rxd4 Kg7 24. a4 1/2-1/2